Culture Générale - Série 2651 - Statistiques

Statistiques générales
  • Ce quiz a été pris 122 fois
  • Le résultat moyen est 3 sur 10
Statistiques - réponses
Question Réponse % Correct
De quel groupe sanguin est le donneur artificiel ? O
92%
Quel est le singe le plus intelligent ? chimpanzé
76%
Le tombeau de quel souverain d'Egypte, mort à 19 ans, fut-il découvert en 1922 par Howard Carter ? Toutânkhamon
60%
Comment qualifie-t-on une personne dont la vue de près n'est pas satisfaisante ? presbyte
45%
Quel primate signifie "homme des bois" en malais ? orang-outang
23%
Quel est le nom du singe au museau bleu ? mandrill
21%
Quel grand poète latin composa l'Enéide, poème épique en 12 chants ? Virgile
16%
Quel est le saint patron des jardiniers fêté le 30 août ? Fiacre
6%
Quel animal ne dort que 20 à 60 minutes par 24 heures et peut rester 24 heures sans dormir ? girafe
6%
Redoutés des jardiniers, car arrivant tardivement les 11,12 et 13 mai, les "saints de glace" sont Saint Mamert, saint Pancrace et saint .... Servais
3%
Aucun quiz correspondant
Distribution des résultats
% des personnes avec chaque résultat
Percentile par nombre de réponses
Votre historique - résultats
Vous n’avez pas pris ce quiz